| 000 | 00773nam a22002057a 4500 | ||
|---|---|---|---|
| 003 | 0 | ||
| 005 | 20250820135229.0 | ||
| 008 | 250820b xxu||||| |||| 00| 0 eng d | ||
| 020 | _a978-1-350-30030-9 | ||
| 050 |
_aPE 1128.A2 _b.L56 2024 |
||
| 245 |
_aLinguistic approaches in English for academic purposes : _bexpanding the discourse / _cedited by Milada Walkova. |
||
| 260 |
_aLondon : _bBloomsbury Academic, _c2024. |
||
| 300 |
_axvi, 222 pages ; _c25 cm. |
||
| 504 | _aIncludes bibliographical references and index. | ||
| 650 |
_aEnglish language _xStudy and teaching _xForeign speakers. |
||
| 650 |
_aEnglish language _xRhetoric _xStudy and teaching _xForeign speakers. |
||
| 650 |
_aEnglish language _xAcademic use. |
||
| 650 | _aApplied linguistics. | ||
| 942 |
_2lcc _cBK |
||
| 999 |
_c367536 _d367536 |
||